[Event "27th 4NCL Congress Open 2022"]
[Site "Harrogate"]
[Date "2022.01.21"]
[Round "1.1"]
[White "Clarke, Brandon G I"]
[Black "Stokes, Michael"]
[Result "1-0"]
[WhiteElo "2430"]
[BlackElo "2071"]
[Annotator "TA"]
[PlyCount "79"]
[EventDate "2022.01.21"]
[EventType "swiss"]
[EventCountry "ENG"]
[SourceTitle "playchess.com"]
[Source "ChessBase"]
[SourceQuality "1"]

{[%evp 26,79,26,0,51,51,49,41,51,55,55,27,88,44,51,47,111,78,117,106,137,74,95,116,116,65,132,137,139,153,167,140,148,115,287,106,245,253,285,290,337,335,568,501,575,487,772,852,857,831,1394,1394,1279,620,1352,1333]} 1. e4 e5 2. Nf3 Nc6 3. Bb5 a6 4. Ba4 Nf6 5. O-O b5 6. Bb3 Be7 7. Re1 O-O 8. c3 d6 9. h3 Na5 10. Bc2 c5 11. d4 Qc7 12. Nbd2 {[%cal Bb1d2,Bd2f1,Bf1e3][%mdl 32]} cxd4 13. cxd4 Re8 14. Nf1 h6 {C97: Closed Ruy Lopez: Chigorin Defence: 11 d4 Qc7, sidelines.} (14... exd4 $11 15. Nxd4 Bb7) 15. b3 $14 Nc6 16. Bb2 Bf8 {[#] White is slightly better.} 17. Rc1 $146 ({Predecessor:} 17. Qd2 Nh5 18. Rac1 Qb6 19. Ne3 exd4 20. Nd5 Qd8 21. Nxd4 Nxd4 22. Bxd4 Bb7 23. Bb6 {1-0 (38) Manik,M (2384)-Pollak,R (1790) Bardejov 2014}) 17... Qb6 18. Ne3 g6 (18... Bb7 $11) 19. Bb1 (19. Nd5 $16 Qd8 20. Bb1) 19... Bb7 20. d5 $36 {[%mdl 2048] White fights for an advantage.} Ne7 ({Black should play} 20... Nb8 $1 $14) 21. Qd2 Rac8 22. Bc3 Ba8 23. g3 (23. Bd3 $142) 23... Qd8 24. Kh2 Qd7 25. g4 (25. a4 $16) 25... g5 (25... Bb7 $14) 26. Rg1 $16 Ng6 27. h4 Nh7 (27... Nxh4 $2 28. Nxh4 gxh4 29. g5 $18) 28. Nf5 {[%cal Rh4g5]} Nf4 29. Kg3 Qc7 $2 (29... Qd8 $16 {was worth a try.}) 30. Bd3 $2 {Really sharp! Active counter play!} ({Resist} 30. Bxe5 $6 Qxc1 31. Rxc1 Rxc1 32. Bxd6 (32. hxg5 $2 dxe5 33. Nxe5 hxg5 $19) 32... Rxb1 $18) (30. hxg5 $18 {has better winning chances.} hxg5 {[#]} 31. Bxe5 $1 {[%mdl 512]} Qxc1 32. Rxc1 Rxc1 33. Bxd6 (33. Nxd6 Rxe5 34. Nxf7 Rxd5 $11) 33... Rxb1 34. Bxf8 Rxe4 35. Bd6 Bxd5 36. Ne7+ Rxe7 37. Bxe7 Bxf3 38. Kxf3) 30... gxh4+ (30... Qd8 $16) 31. N3xh4 $18 {[%cal Oc3e5]} Qd8 32. Ng2 Nxd3 33. Qxd3 Qg5 $2 (33... Ng5 34. Rh1 Qf6) 34. Bd2 {White is clearly winning.} Qf6 35. Rh1 {[%cal Rf5h6,Bg1h1,Bh1h5,Bh5h6][%mdl 32]} Ng5 (35... Rxc1 $142 36. Bxc1 (36. Rxc1 Ng5 $18) 36... Ng5) 36. Rh5 {[#] And now Bxg5 would win.} Rxc1 37. Bxc1 Bb7 38. Bxg5 hxg5 39. Qd2 (39. Qe3 $142 Bc8 40. Rxg5+ Kh7 41. Ngh4 Bxf5 42. Rxf5) 39... Be7 40. Rh6 {Weighted Error Value: White=0.42/Black=0.48} 1-0

[Event "27th 4NCL Congress Open 2022"]
[Site "Harrogate"]
[Date "2022.01.21"]
[Round "1.2"]
[White "Horspool, Philip J"]
[Black "Sarakauskas, Gediminas"]
[Result "0-1"]
[WhiteElo "2028"]
[BlackElo "2421"]
[Annotator "TA"]
[PlyCount "84"]
[EventDate "2022.01.21"]
[EventType "swiss"]
[EventCountry "ENG"]
[SourceTitle "playchess.com"]
[Source "ChessBase"]
[SourceQuality "1"]

{[%evp 9,84,-14,0,-9,0,-14,10,-26,0,-24,-13,-24,-20,-30,-14,-27,12,14,4,-102,-108,-101,-109,-236,-181,-159,-108,-87,-83,-80,-75,-118,-122,-116,-38,-38,-31,-134,-134,-150,-151,-220,-219,-211,-100,-105,-105,-188,-188,-188,-189,-183,-174,-204,-204,-204,-206,-239,-239,-331,-323,-390,-388,-484,-442,-654,-514,-1341,-1124,-1489,-1393,-4910,-4910,-4831,-4718,-1766,-1637]} 1. e4 e5 2. Nf3 Nc6 3. Bb5 Nf6 4. Qe2 Bc5 5. d3 d6 6. c3 {C65: Ruy Lopez: Berlin Defence (3...Nf6), unusual lines and 4 0-0 Bc5.} O-O 7. O-O h6 8. Be3 {The position is equal.} Bb6 {[#]} 9. a3 $146 ({Predecessor:} 9. Nbd2 Ne7 10. Bxb6 axb6 11. d4 Ng6 12. dxe5 dxe5 13. g3 Qe7 14. Rfd1 Rd8 15. Bc4 {½-½ (51) Reshetnikov,A (2508)-Hovhannisyan,R (2630) Moscow 2013}) 9... Ne7 10. Nbd2 Ng6 11. Ba4 Nh5 {Black wants to play ...Ngf4.} 12. g3 {Inhibits Ngf4.} f5 13. Bb3+ Kh8 {[#]} 14. Nxe5 Nxe5 $17 15. Qxh5 {[%cal Oe3h6]} fxe4 $1 {Threatens to win with ...Bg4.} 16. dxe4 (16. d4 $17 Bg4 17. Qh4 Qxh4 18. gxh4 Nf3+ 19. Nxf3 Bxf3 20. a4) 16... Bg4 17. Qh4 Qxh4 (17... Qd7 $142 $1 18. Bxb6 Ng6 19. Qxg4 (19. Ba4 $2 Qc8 $19) 19... Qxg4) 18. gxh4 Bh3 {Strongly threatening ...Bxe3. Black is more active.} 19. Bxb6 Rf4 20. f3 {To avoid Rg4+} axb6 21. Rfe1 Nxf3+ (21... Rxh4 $17 {aiming for ...Rh5.} 22. Re3 Rf4) 22. Nxf3 $15 Rxf3 23. Rad1 {[#]} ({Better is} 23. e5 $15) 23... Raf8 $1 $17 {And now ...R3f4 would win.} 24. Bc4 R8f4 {...Rg4+ is the strong threat.} 25. Bf1 (25. Be2 $17 Rf2 26. Bf1 Bxf1 27. Rxf1 Rxf1+ 28. Rxf1 Rg4+ 29. Kf2) 25... Rg4+ $19 ({Worse is} 25... Rxh4 26. Bxh3 Rfxh3 27. e5 dxe5 28. Re2 $17) 26. Kh1 Rxh4 (26... Rxf1+ $19 27. Rxf1 Bg2+ 28. Kg1 Bxf1+ 29. Kxf1 Rxh4) 27. Bxh3 $17 Rhxh3 $19 {[%mdl 4096] Endgame KRR-KRR} (27... Rfxh3 {feels hotter.} 28. Re2 Rf3 29. Kg2 Rf7 30. e5 dxe5 31. Rxe5 Rg4+) 28. Kg2 {[#] To avoid Rf2+} (28. e5 $17) 28... Rd3 $1 29. Rxd3 Rxd3 {KR-KR} 30. Re2 Kg8 31. Kf1 Kf7 32. Rf2+ Ke6 33. Ke2 Rh3 34. Kd2 g5 {[%cal Bg7g5,Bg5g4][%mdl 32]} 35. Rg2 Ke5 36. Re2 g4 {White must now prevent ...Kf4. Black is clearly winning.} 37. a4 (37. Ke1 $142 h5 38. Kf1) 37... h5 {[%cal Bh6h5,Bh5h4,Bh4g3][%mdl 32]} 38. Kc2 (38. Ke1 $142 h4 39. Kf1) 38... h4 39. Rg2 Kf4 40. Kd2 g3 41. hxg3+ hxg3 {( -> ...Rh2)} 42. Kd3 Kf3 {Weighted Error Value: White=0.76/Black=0.16 (very precise)} 0-1

[Event "27th 4NCL Congress Open 2022"]
[Site "Harrogate"]
[Date "2022.01.21"]
[Round "1.3"]
[White "Arkell, Keith C"]
[Black "Pink, Joshua"]
[Result "1-0"]
[WhiteElo "2370"]
[BlackElo "1939"]
[Annotator "TA"]
[PlyCount "93"]
[EventDate "2022.01.21"]
[EventType "swiss"]
[EventCountry "ENG"]
[SourceTitle "playchess.com"]
[Source "ChessBase"]
[SourceQuality "1"]

{[%evp 9,93,54,61,54,64,64,79,75,113,118,148,106,106,106,106,106,104,106,219,225,405,379,369,381,555,297,309,288,294,243,237,214,214,193,194,195,235,258,242,274,514,164,454,432,1211,685,1004,685,683,439,422,235,254,16,18,0,0,0,83,106,68,0,0,0,0,0,0,0,0,-319,67,8,271,279,1327,1312,1113,702,1010,698,29985,29986,29991,29992,29992,29993]} 1. d4 Nf6 2. Nf3 c5 3. d5 e6 4. Nc3 b5 5. dxe6 fxe6 6. Nxb5 {[%cal Oe2e4] A43: Schmid Benoni.} d5 7. e3 a6 8. Nc3 {[%cal Oe3e4] White is better.} Bd6 9. e4 $1 {[#]} Bc7 $146 (9... Nxe4 $2 10. Nxe4 dxe4 11. Ng5 $18) ({Predecessor:} 9... dxe4 10. Ng5 O-O 11. Ncxe4 Nxe4 12. Nxe4 Qh4 13. Qe2 Qe7 14. Bg5 Qc7 15. O-O-O Be5 {1-0 (29) Hebden,M (2549)-Philippe,C (2358) Cappelle la Grande 2004}) 10. e5 (10. exd5 $142 {Hoping for Bg5.} exd5 11. Bg5) 10... Ng4 $16 11. h3 $1 (11. Bg5 $6 Qd7 $11) 11... Nh6 12. Bxh6 {White is more active.} (12. Bg5 Qd7 $14) 12... gxh6 13. Qd2 $36 {[%mdl 2048] White is on the roll.} Ba5 (13... O-O $16) 14. Qxh6 $18 Qb6 $2 (14... Qe7 {was necessary.} 15. O-O-O Qf8 16. Qh5+ Qf7 17. Qxf7+ Kxf7) 15. O-O-O Bxc3 16. bxc3 {[%cal Od1d5] Strongly threatening Rxd5!} (16. Qh5+ Kd8 17. bxc3 Bd7 $16) 16... Nc6 (16... Qa5 $142 17. Bd3 Ra7) 17. Bd3 (17. Qg7 Rf8 18. Qxh7 (18. Kd2 Ra7 $16) 18... Ra7 $18) 17... Bd7 (17... Rb8 $2 18. Bxh7 Na5 19. Kd2 Nc4+ 20. Ke2 $18) 18. Qh4 {[%cal Od3g6]} Ne7 {To avoid Bg6+} (18... Rb8 $2 19. Bg6+ $1 {[%mdl 512]} hxg6 20. Qxh8+ $18) 19. Ng5 c4 20. Bxh7 {[%cal Og5f7]} O-O-O {[%cal Od8g8]} (20... Rb8 $2 21. Qh5+ Kd8 22. Nf7+ Kc7 23. Nxh8 Rxh8 24. Qf7 $18) 21. Qd4 Qa5 22. Qe3 Rxh7 23. Nxh7 Nf5 24. Qf3 (24. Qa7 Bc6 25. Nf6 d4) 24... Qa4 $2 (24... Nh4 25. Qe2 Qxc3) 25. a3 $2 (25. Ng5) 25... Qxa3+ $2 (25... Bc6 {was called for.} 26. Rd4 Nxd4 27. cxd4 Qa5) 26. Kd2 {Black must now prevent Ra1.} Qa2 (26... Nh4 $142 27. Qe3 Bb5) 27. Rc1 {And now Ra1 would win.} Ba4 28. Rhe1 Kb8 29. Red1 d4 30. Ke1 (30. Rb1+ $142 Bb5 31. Ke1 Qxc2 32. Rdc1) 30... Bxc2 31. Ra1 $2 (31. Rd2 $18 d3 32. Qc6 (32. Rcxc2 $2 Qb1+ 33. Rc1 Qxc1+ 34. Qd1 Qxc3 $19)) 31... Qb2 $11 32. Rxa6 {White threatens Qa8+ and mate.} Rd5 (32... Bxd1 $2 33. Qa8+ Kc7 34. Qc6+ Kb8 35. Ra8#) 33. Rda1 (33. Rxe6 $2 Bxd1 34. Qxd1 Ra5 $19) 33... Qxc3+ (33... Bd3 $2 34. Ra8+ Kc7 35. R1a7+ Kb6 36. Rb8+ Kxa7 37. Rxb2 $18) (33... d3 $1 $11 {remains equal.} 34. Ra8+ Kc7 35. R1a7+ Kb6 36. Ra6+ (36. Rb8+ Kxa7 37. Rxb2 d2+ 38. Kf1 d1=Q+ 39. Qxd1 Bxd1 $11) 36... Kc7 37. R8a7+ (37. R6a7+ Kb6 $11) 37... Kb8 38. Ra8+ Kc7 39. R6a7+ Kb6 40. Ra6+ (40. Rb8+ Kxa7 41. Rxb2 d2+ 42. Kf1 d1=Q+ 43. Qxd1 Bxd1 $11) 40... Kc7) 34. Qxc3 $16 dxc3 35. Rxe6 (35. Nf8 $1 $14 Rxe5+ 36. Kf1 Bd3+ 37. Kg1) 35... Nd4 $11 36. Re8+ Kb7 $1 37. Nf6 Rb5 38. Re7+ Kc6 {Threatens to win with ...Bd3.} 39. Ng4 $2 {[%mdl 8192] [#]} (39. Ra6+ $11 Kc5 40. Rc7+ Kb4 41. Rb6 $3 {[%mdl 512]} Rxb6 42. Nd5+ Kb3 43. Nxb6) 39... Bf5 $2 (39... Rb2 $1 $19 40. Rea7 Nb3) 40. Ne3 (40. Ra6+ $1 $14 Kd5 41. f3 (41. Rd6+ Ke4 $11) 41... Rb1+ 42. Kf2 Rb2+ 43. Kg3 (43. Ke3 c2 $11) 43... Ne2+ 44. Kh2 Bxg4 45. Rd6+ (45. fxg4 $2 c2 $19) (45. hxg4 $2 Rb8 $19) 45... Kc5 46. Rc7+ (46. fxg4 c2 $11) (46. hxg4 $2 Rb8 $19) 46... Kb4 47. Rdc6 (47. hxg4 c2 $11)) 40... c2 $2 {[%mdl 8192] Black cannot hold the game after this.} (40... Rb2 $11 {and Black stays safe.} 41. Rea7 Bd3 42. R7a6+ Kc5 43. R6a5+ Kc6 44. Ra6+ Kc5 45. R6a5+ Kc6 46. Ra6+) 41. Ra6+ $18 Kc5 $2 (41... Rb6 42. Rxb6+ Kxb6 43. Nxc2 (43. Nxc4+ $2 Ka6 $19) 43... Bxc2) 42. Rc7+ Kb4 43. Rxc4+ Kb3 44. Kd2 Rxe5 45. Rxd4 {White mates.} Rc5 46. Rb6+ Ka3 47. Kc1 {Weighted Error Value: White=0.85/Black=0.58} 1-0

[Event "27th 4NCL Congress Open 2022"]
[Site "Harrogate"]
[Date "2022.01.21"]
[Round "1.4"]
[White "Bak, Christopher"]
[Black "Willow, Jonah B"]
[Result "0-1"]
[WhiteElo "2022"]
[BlackElo "2381"]
[Annotator "TA"]
[PlyCount "66"]
[EventDate "2022.01.21"]
[EventType "swiss"]
[EventCountry "ENG"]
[SourceTitle "playchess.com"]
[Source "ChessBase"]
[SourceQuality "1"]

{[%evp 11,66,0,6,-14,-15,-14,-10,-3,5,0,0,-20,-7,-20,6,-14,0,-18,-18,-16,-17,-48,-46,-26,0,-6,-26,-24,-11,-30,-23,-106,-68,-69,-85,-213,-210,-295,-300,-437,-422,-941,-962,-1536,-1437,-1408,-785,-788,-774,-735,-722,-1052,-1052,-1052,-1035,-989,-968]} 1. c4 c5 2. g3 Nc6 3. Bg2 g6 4. Nc3 Bg7 5. Nf3 e6 6. d3 Nge7 7. Bg5 {A37: Symmetrical English vs ...g6: 4 Bg2 Bg7 5 Nf3.} h6 8. Bd2 O-O 9. a3 {[#] The position is equal.} a5 $146 ({Predecessor:} 9... d6 10. Rb1 b6 11. Qc1 Kh7 12. b4 Rb8 13. O-O Bb7 14. e3 Qd7 15. Rd1 Rfd8 {1-0 (42) Maletin,P (2567)-Inarkiev,E (2693) Novosibirsk 2012}) 10. Qc1 Kh7 11. Qc2 b6 12. O-O Bb7 13. Rfd1 d5 14. Rab1 Nf5 15. Nb5 Qd7 16. b4 axb4 17. axb4 cxb4 (17... Ba6 $5 {[%cal Ra6b5]} 18. e3 Nxb4 19. Bxb4 Bxb5 20. cxb5 cxb4 $15) 18. Bxb4 Nxb4 19. Rxb4 Rfc8 20. Qb3 Ra6 21. Nc3 (21. e4 $11 {remains equal.} Ne7 22. Qc2) 21... Rca8 22. d4 dxc4 23. Rxc4 {[#] Loses the game.} (23. Qb2 $17) 23... Ra1 $1 $19 {...R8a3 is the strong threat.} 24. e3 {[#]} (24. g4 $142 b5 25. Rb4) 24... R8a3 $1 25. Qc2 (25. Qxb6 {is a better defense.} Rxd1+ 26. Nxd1) 25... Nd6 {Black is clearly winning.} 26. Ne5 (26. Nb1 $142 R3a2 27. Rc7) 26... Bxe5 27. dxe5 Nxc4 28. Nb1 Qa4 29. Qxa4 Rxa4 {[%cal Ba3a4,Ba4b4,Bb4b1][%mdl 32]} 30. Bxb7 Rb4 31. Nc3 Rxd1+ 32. Nxd1 Rb1 33. Bf3 Nb2 {Weighted Error Value: White=0.76/Black=0.22 (precise)} 0-1

[Event "27th 4NCL Congress Open 2022"]
[Site "Harrogate"]
[Date "2022.01.21"]
[Round "1.5"]
[White "Wells, Peter K"]
[Black "Coates, Sam"]
[Result "1-0"]
[WhiteElo "2382"]
[BlackElo "1689"]
[Annotator "TA"]
[PlyCount "109"]
[EventDate "2022.01.21"]
[EventType "swiss"]
[EventCountry "ENG"]
[SourceTitle "playchess.com"]
[Source "ChessBase"]
[SourceQuality "1"]

{[%evp 18,108,16,9,10,22,22,19,22,11,13,18,10,15,13,14,31,32,27,2,4,7,27,14,49,13,43,47,92,82,247,235,224,242,223,236,212,211,442,446,433,445,449,435,476,437,542,473,658,637,948,864,835,796,844,810,1175,1238,1630,1466,1415,1483,1113,910,6836,6104,5065,1592,29976,29977,29983,29983,29983,29984,29984,29984,29986,29986,29991,29992,29993,29994,29994,29995,29995,29996,29996,29997,29997,29998,29999,29999,29999]} 1. d4 d5 2. c4 e6 3. Nc3 Nf6 4. cxd5 exd5 5. Bg5 c6 6. e3 h6 7. Bh4 Be7 8. Qc2 O-O 9. Bd3 Re8 10. Nf3 {[%cal Bg1f3,Bf3d2,Bd2c4,Bc4e5][%mdl 32]} Ne4 {D36: Queen's Gambit Declined: Exchange Variation: Main line (5 Bg5 c6 6 Qc2).} 11. Bxe7 Qxe7 12. Bxe4 dxe4 {The position is equal.} 13. Nd2 {[%cal Rc2e4]} Bf5 14. O-O Bg6 {[#]} 15. Qb3 $146 {[%cal Od2e4]} ({Predecessor:} 15. Rab1 Na6 16. a3 c5 17. d5 Qd7 18. Qb3 Rad8 19. Qc4 f5 20. Nb3 Bf7 21. Nxc5 Nxc5 22. Qxc5 {1-0 (36) Nordenbaek,J (2188)-Petersen,S (2082) Copenhagen 2019}) 15... Na6 16. a3 Rab8 17. Rac1 Nc7 18. Nc4 Bf5 {Threatens to win with ...Be6.} 19. Qc2 Qf6 20. b4 Re6 21. Ne5 {Nd7 is the strong threat.} Qg5 22. Ne2 {[%cal Bc3e2,Be2g3,Bg3f5][%mdl 32]} (22. Nxe4 Qe7 $11) 22... Nd5 (22... Rbe8 $14 {was preferrable.}) 23. Ng3 {[%cal Oh2h4] And now h4! would win.} f6 $2 {[#] A mistake that costs the game.} (23... Bg6 $16) 24. h4 $1 $18 Qxh4 25. Nxf5 {Pair of Knights!} Qg5 {[#]} 26. Qxe4 fxe5 {[#]} 27. f4 $1 (27. dxe5 Rf8 28. Nd6 (28. g4 g6 $17) 28... Rxe5 $11) 27... Nf6 $2 {[#]} (27... Qg4 {was necessary.}) 28. Qxe5 $1 {[%mdl 512]} Rxe5 29. fxg5 Rxf5 30. Rxf5 hxg5 31. Rxg5 {[%mdl 4096] Endgame KRR-KRN} Re8 32. Re5 Rxe5 33. dxe5 {[%cal Bd4e5,Be5e6][%mdl 32] KR-KN} Ng4 34. e6 Kf8 35. Rf1+ Nf6 36. g4 {Hoping for g5.} Ke7 37. g5 Ne4 38. Rf7+ Kxe6 39. Rxg7 b6 40. Kg2 {Strongly threatening g6.} a5 41. bxa5 bxa5 42. g6 (42. Kf3 $142 Nc5 43. Ra7) 42... c5 43. Rc7 {White mates.} Kd6 {[#]} 44. g7 $1 {[%mdl 512]} Kxc7 45. g8=Q Nd6 46. Qd5 Nb7 47. e4 Kb6 48. e5 a4 49. e6 Kc7 50. Qd7+ Kb6 51. e7 c4 52. e8=Q c3 53. Qb5+ Kc7 54. Qed7+ Kb8 55. Qbxb7# {Weighted Error Value: White=0.07 (flawless) /Black=0.47} 1-0

[Event "27th 4NCL Congress Open 2022"]
[Site "Harrogate"]
[Date "2022.01.21"]
[Round "1.6"]
[White "Faulkner, Martin J"]
[Black "Hunt, Harriet V"]
[Result "0-1"]
[WhiteElo "1833"]
[BlackElo "2413"]
[Annotator "TA"]
[PlyCount "84"]
[EventDate "2022.01.21"]
[EventType "swiss"]
[EventCountry "ENG"]
[SourceTitle "playchess.com"]
[Source "ChessBase"]
[SourceQuality "1"]

{[%evp 9,84,38,41,37,37,0,-12,-14,-2,-14,0,-22,-5,-14,-7,-4,-1,-52,31,22,26,0,8,-131,-128,-139,-76,-143,-57,-93,-93,-93,-93,-93,-92,-92,-92,-92,-92,-92,-92,-92,-92,-129,-100,-116,-62,-57,-57,-59,-33,-60,-41,-139,-145,-181,-159,-207,-166,-415,-395,-739,-730,-947,-460,-452,-446,-424,-428,-658,-660,-823,-821,-1034,-983,-29988,-29989]} 1. c4 e5 2. Nc3 Nc6 3. Nf3 f5 4. g3 Nf6 5. d4 e4 6. Nh4 {A27: English Opening: Three Knights Variation.} d6 7. Bh3 {7.Bg5 is the fancy move.} (7. Ng2 $14) 7... g6 $11 8. Bg5 {The position is equal.} Bg7 9. e3 {[#]} O-O $146 ({Predecessor:} 9... Ne7 10. Ng2 Be6 11. Bxf6 Bxf6 12. Nxe4 Bg7 13. Nd2 g5 14. O-O O-O 15. Ne1 c5 {1-0 (48) Sofranov,V (2053)-Enchev,I (2435) Varna 2011}) 10. Ng2 Qe8 (10... h6 $5 {[%cal Rh6g5]} 11. Bxf6 Qxf6 $11) 11. Bxf6 Rxf6 12. Nf4 Rf7 13. a3 (13. Bf1 $11) 13... g5 (13... Na5 $15) 14. Nh5 $14 Bh8 15. Bg2 {[%cal Og3g4]} Na5 16. Qe2 {[#]} (16. h4 $11 {remains equal.}) 16... Be6 $1 $17 17. d5 Bd7 (17... Bxc3+ $142 18. bxc3 Bd7) 18. h4 (18. Nb5 $142 Bxb5 19. cxb5) 18... g4 ({Black should play} 18... Bxc3+ $17 19. bxc3 Qe5) 19. Nf4 Bxc3+ 20. bxc3 Qe5 21. O-O Qxc3 22. Rfc1 Qe5 23. Qc2 {Inhibits Nb3.} b6 24. Bf1 Nb7 25. Be2 Nc5 26. Qc3 Re8 27. Bd1 c6 (27... Qxc3 $17 28. Rxc3 Ba4) 28. Qd2 $15 cxd5 29. cxd5 Bb5 30. a4 Bd3 31. a5 (31. Ra3 $15) 31... b5 $17 {Black is more active.} 32. Ra2 Bc4 33. Raa1 (33. Ra3 $17) 33... Nd3 $19 34. Nxd3 $2 {[#]} (34. Rc3 {keeps fighting.}) 34... exd3 ({Not} 34... Bxd3 35. Bb3 $15) 35. a6 $2 (35. Qc3) 35... Qe4 36. Qb4 Bxd5 (36... f4 $142 {( -> ...fxg3)} 37. exf4 Qe1+ 38. Qxe1 Rxe1+ 39. Kg2 d2) 37. Qxe4 Rxe4 (37... fxe4 $2 {too greedy.} 38. Bxg4 Ref8 39. Rab1 $19) 38. Rc8+ Kg7 39. Ra3 (39. h5 $142) 39... Bc4 40. Rc3 d5 {[%cal Bd6d5,Bd5d4,Bd4c3][%mdl 32]} 41. Rc6 d4 42. h5 dxc3 {Weighted Error Value: White=0.83/Black=0.26 (precise)} 0-1

[Event "27th 4NCL Congress Open 2022"]
[Site "Harrogate"]
[Date "2022.01.21"]
[Round "1.7"]
[White "Derakhshani, Borna"]
[Black "Hepworth, Peter"]
[Result "1-0"]
[WhiteElo "2361"]
[BlackElo "2007"]
[Annotator "TA"]
[PlyCount "115"]
[EventDate "2022.01.21"]
[EventType "swiss"]
[EventCountry "ENG"]
[SourceTitle "playchess.com"]
[Source "ChessBase"]
[SourceQuality "1"]

{[%evp 13,115,0,29,-10,38,30,46,39,26,-4,-6,-55,-25,-43,27,-32,-6,-43,-41,-47,0,0,0,0,22,23,24,17,82,19,14,0,11,0,0,0,0,0,15,-22,-8,-206,0,0,4,-16,0,0,0,-744,118,121,127,106,100,105,175,164,164,165,167,158,117,99,137,137,236,224,308,258,402,383,445,449,487,462,506,479,417,408,599,587,705,718,677,635,826,893,841,788,886,858,765,702,758,612,702,632,1085,1004,952,888,1634,1565]} 1. Nf3 Nf6 2. b3 d5 3. Bb2 Bf5 4. e3 e6 5. c4 c6 6. Be2 Bd6 7. O-O Nbd7 8. Nc3 {A12: English Opening: 1...c6 with b3 by White.} a6 (8... h6 $11) 9. Nh4 $14 Bg6 10. f4 {White is slightly better.} O-O 11. cxd5 cxd5 {[#]} 12. f5 $146 (12. Nxg6 $11 hxg6 13. Bf3) ({Predecessor:} 12. Nxg6 hxg6 13. Bf3 Rc8 14. Ne2 Qe7 15. Rc1 Ba3 16. Rxc8 Rxc8 17. Qb1 Nb8 18. Rc1 Rxc1+ 19. Qxc1 Bxb2 20. Qxb2 {0-1 (64) Minaya Molano,J (2292)-Gonzalez,R (2426) Cali 1999}) 12... exf5 $15 13. Nxf5 Nb6 (13... Bc7 $15) 14. a4 (14. Na4 $11 Nxa4 15. Bxf6 gxf6 16. bxa4) 14... Be5 15. a5 (15. d4 $5 {[%cal Rd4e5]} Bc7 16. Bd3 $11) 15... Nc8 16. Ra4 Ne7 (16... Re8 $15) 17. Nxe7+ $1 $11 Qxe7 18. Ba3 Bd6 19. Bxd6 Qxd6 20. Rd4 {[%cal Oe2c4]} Rac8 {[#] Prevents Bc4.} (20... Rae8 $11) 21. Rff4 (21. Bc4 $1 $16) 21... Rfd8 22. Bf3 Qa3 23. Ra4 ({Avoid the trap} 23. Bxd5 $2 Rxd5 $1 {[%mdl 512]} 24. Nxd5 Rc1 25. Qxc1 (25. Nxf6+ $2 gxf6 26. Qxc1 Qxc1+ 27. Rf1 Qc2 $19) 25... Qxc1+ 26. Rf1 Qb2 27. Nxf6+ gxf6 $19) 23... Qe7 {[%cal Oc8c3]} 24. Rfd4 {[%cal Rc3d5,Bf4d4,Bd4d3,Bd3d5][%mdl 32]} Rc5 25. Qa1 Rdc8 {[%cal Oc5c3]} 26. Qa3 {[%cal Rc3d5]} Qe6 27. h3 $2 (27. Qb2 $11 {and White has nothing to worry.}) 27... Bh5 $2 (27... Rxc3 $19 28. dxc3 Qxe3+ 29. Kh2 Qe5+ 30. Kh1 Rxc3) 28. Bxh5 {Hoping for Bg4.} Nxh5 29. Rd3 Qf5 30. Rad4 {[%cal Rd4d5]} Ng3 {And now ...Qf1+ would win.} 31. Rxd5 $2 {[%mdl 8192]} (31. Kh2 $11 Nf1+ 32. Kg1 Nxd2 33. Rxd2 Rxc3 34. Rxd5) 31... Ne2+ $2 32. Kh2 $16 {Rd8+ would kill now.} Rxd5 33. Rxd5 $40 {[%mdl 128] White has strong attack.} Qe6 34. Qd6 (34. Qb4 {keeps more tension.} g6 35. Qxb7 Nxc3 36. dxc3 Rxc3 37. Qb4) 34... Qxd6+ (34... Nxc3 $16 35. Qd8+ Qe8 36. Qxe8+ Rxe8 37. dxc3 Kf8) 35. Rxd6 $18 Nxc3 36. dxc3 $16 {[%mdl 4096] Endgame KR-KR} Kf8 {[#]} 37. c4 Ke7 (37... Rc5 $142) 38. Rd5 {White is more active.} Ke6 39. Kg3 g6 (39... b5 $16) 40. Kf4 $18 f6 41. Ke4 {aiming for Kd4.} Rc7 (41... Ke7 $142 42. c5 f5+ 43. Kd4 Rc6) 42. Kd4 Rc8 43. e4 Rc7 44. c5 h5 45. Rd6+ Kf7 46. h4 Kg7 (46... g5 $142 47. hxg5 fxg5) 47. Kd5 {White is clearly winning.} Re7 48. b4 g5 49. g3 Re5+ 50. Kd4 Re7 51. c6 Kf7 52. cxb7 Rxb7 53. Rb6 Ra7 54. Kc5 Ke7 55. hxg5 Rc7+ 56. Kd4 fxg5 57. Rxa6 Kf7 58. Rh6 {What a bad dream for Black.  Weighted Error Value: White=0.44/Black=0.58} 1-0